<?xml version="1.0" encoding="UTF-8"?>
<record
    xmlns:xsi="http://www.w3.org/2001/XMLSchema-instance"
    xsi:schemaLocation="http://www.loc.gov/MARC21/slim http://www.loc.gov/standards/marcxml/schema/MARC21slim.xsd"
    xmlns="http://www.loc.gov/MARC21/slim">

  <leader>01919nab a2200325uuc4500</leader>
  <controlfield tag="001">1429185</controlfield>
  <controlfield tag="005">20240605090157.0</controlfield>
  <controlfield tag="008">151209e20131205                    spa  </controlfield>
  <datafield tag="035" ind1=" " ind2=" ">
    <subfield code="a">1429185</subfield>
  </datafield>
  <datafield tag="040" ind1=" " ind2=" ">
    <subfield code="c">comduadb</subfield>
  </datafield>
  <datafield tag="041" ind1=" " ind2=" ">
    <subfield code="a">spa</subfield>
  </datafield>
  <datafield tag="100" ind1="1" ind2="0">
    <subfield code="a">Aguirre Sepulveda, Jannet Fernanda</subfield>
    <subfield code="4">aut</subfield>
    <subfield code="e">aut</subfield>
    <subfield code="9">604193</subfield>
  </datafield>
  <datafield tag="245" ind1="1" ind2="3">
    <subfield code="a">El cuerpo habla, una propuesta art&#xED;stica para la vida</subfield>
  </datafield>
  <datafield tag="520" ind1="3" ind2=" ">
    <subfield code="a">El presente texto se propone hacer un breve recorrido por el trabajo realizado al interior del colectivo art&#xED;stico El cuerpo habla, desde su inicio como taller complementario en la facultad de Artes de la Universidad DE Antioquia en 2003, hasta convertirse en proyecto de investigaci&#xF3;n, para transformarse en lo que ahora es: un colectivo art&#xED;stico interdisciplinar que propende por el trabajo grupal, la pr&#xE1;ctica de una manifestaci&#xF3;n art&#xED;stica tan amplio espectro como la performance, y cuyos ejes tem&#xE1;ticos transversales son el devenir, la resistencia, la noci&#xF3;n de ritual ligada a la acci&#xF3;n perf&#xF3;rmatica y la resignificaci&#xF3;n de la palabra "cuerpo" para acaecer carne.</subfield>
  </datafield>
  <datafield tag="650" ind1=" " ind2=" ">
    <subfield code="a">Colectivo artistico El Cuerpo que habla</subfield>
    <subfield code="9">113150</subfield>
  </datafield>
  <datafield tag="650" ind1=" " ind2=" ">
    <subfield code="a">Investigaci&#xF3;n en artes</subfield>
    <subfield code="9">162862</subfield>
  </datafield>
  <datafield tag="650" ind1=" " ind2=" ">
    <subfield code="a">Arte - Investigaciones</subfield>
    <subfield code="9">212433</subfield>
  </datafield>
  <datafield tag="650" ind1=" " ind2=" ">
    <subfield code="a">Cuerpo en el arte</subfield>
    <subfield code="9">75029</subfield>
  </datafield>
  <datafield tag="650" ind1=" " ind2=" ">
    <subfield code="a">Proyectos artisticos</subfield>
    <subfield code="9">69732</subfield>
  </datafield>
  <datafield tag="650" ind1=" " ind2=" ">
    <subfield code="a">Performance</subfield>
    <subfield code="9">90885</subfield>
  </datafield>
  <datafield tag="650" ind1=" " ind2="7">
    <subfield code="a">Rituales</subfield>
    <subfield code="2"></subfield>
    <subfield code="9">107707</subfield>
  </datafield>
  <datafield tag="700" ind1="1" ind2="0">
    <subfield code="a">Restrepo Rojas, Monica Milena</subfield>
    <subfield code="4">aut</subfield>
    <subfield code="e">aut</subfield>
    <subfield code="9">741690</subfield>
  </datafield>
  <datafield tag="700" ind1="1" ind2="0">
    <subfield code="a">Loaiza Quiceno, Evelyn Joan</subfield>
    <subfield code="4">aut</subfield>
    <subfield code="e">aut</subfield>
    <subfield code="9">700086</subfield>
  </datafield>
  <datafield tag="700" ind1="1" ind2="0">
    <subfield code="a">Galvis Orozco, Nora Gabriela</subfield>
    <subfield code="4">aut</subfield>
    <subfield code="e">aut</subfield>
    <subfield code="9">748400</subfield>
  </datafield>
  <datafield tag="700" ind1="1" ind2="0">
    <subfield code="a">Orozco Posada, Juan Felipe</subfield>
    <subfield code="4">aut</subfield>
    <subfield code="e">aut</subfield>
    <subfield code="9">741101</subfield>
  </datafield>
  <datafield tag="700" ind1="1" ind2="0">
    <subfield code="a">Paniagua Ramirez, Diana Carolina</subfield>
    <subfield code="4">aut</subfield>
    <subfield code="e">aut</subfield>
    <subfield code="9">741102</subfield>
  </datafield>
  <datafield tag="773" ind1="0" ind2=" ">
    <subfield code="t">Artes : La Revista (Medell&#xED;n)</subfield>
    <subfield code="g">Volumen 12, N&#xFA;mero 19, Diciembre de 2013, p. 118-128</subfield>
    <subfield code="w">673573</subfield>
    <subfield code="x">1657-3242</subfield>
    <subfield code="0">205595</subfield>
  </datafield>
  <datafield tag="856" ind1="4" ind2=" ">
    <subfield code="u">http://bibliotecadigital.udea.edu.co/handle/10495/6284</subfield>
  </datafield>
  <datafield tag="942" ind1=" " ind2=" ">
    <subfield code="c">ARIMP</subfield>
  </datafield>
  <datafield tag="999" ind1=" " ind2=" ">
    <subfield code="c">730547</subfield>
    <subfield code="d">730547</subfield>
  </datafield>
</record>
